000 00429nam a2200181Ia 4500
001 21470
005 20260306172921.0
008 260306t2006||||xx |||||||||||||| ||spa||
041 _aESP
082 _a345.02
_bR47
100 _aReyna Alfaro, Luis Miguel
_eAUT
245 0 _aEl proceso penal aplicado
260 _c2006
300 _a573 páginas :
_c23 cm.
650 _aGEN
654 _aCDE
942 _cLIB
_dJUS
_fJUS
_2ddc
_n
999 _c21470
_d21470